00494nam a2200157Ia 450000500170000000800410001708200130005810000170007124500360008826000350012430000130015965000440017294200060021695200990022299900150032120250317025254.0240331s9999 xx 000 0 und d bKAIa894 aKailasapathy 0aKailasapathy :bthalamum vlamum aColombobTechno Printersc2005 a164 p ., aKailasapathi - Sila Ninaivuk kuruppukal cL 001040708LaWERCLbWERCLcSSCd2024-03-31l0o 894.811 KAIp5488r2024-03-31w2024-03-31yL c4224d4224